[Event "Anand Cup"]
[Site "SchemingMind.com"]
[Date "2010.07.26"]
[Round "-"]
[White "ibukuno"]
[Black "joopsim"]
[Result "0-1"]
[WhiteCountry "NGR"]
[BlackCountry "NED"]
[WhiteElo "1880"]
[WhiteRD "85"]
[BlackElo "2499"]
[BlackRD "77"]
[GameID "255562"]

1. e4 e5 2. Nf3 Nc6 3. Bb5 a6 4. Ba4 Nf6 5. O-O Be7 6. Re1 b5 7. Bb3 O-O 8. c3 d5 9. exd5 Nxd5 10. Nxe5 Nxe5
11. Rxe5 c6 12. d4 Bd6 13. Re1 Qh4 14. g3 Qh3 15. Qd3 Bf5 16. Qf1 Qh5 17. Bd1 Qg6 18. Nd2 Nf4 19. Re3 Bh3 20. Qe1 Ng2
21. Qe2 Nxe3 22. fxe3 Rae8 23. Nf3 Bg4 24. Qf2 Qh5 25. Bd2 Re6 26. Be2 Rf6 27. Rf1 Re8
0-1

[Event "Anand Cup"]
[Site "SchemingMind.com"]
[Date "2010.07.26"]
[Round "-"]
[White "Lars"]
[Black "Efren ramos"]
[Result "0-1"]
[WhiteCountry "SWE"]
[BlackCountry "NCA"]
[WhiteElo "1589"]
[WhiteRD "75"]
[BlackElo "2132"]
[BlackRD "74"]
[GameID "255563"]

1. e4 c5 2. Nf3 Nc6 3. Nc3 Nf6 4. d4 cxd4 5. Nxd4 e5 6. Nf3 Bb4 7. Bd2 Bxc3 8. Bxc3 Nxe4 9. Bxe5 Nxe5 10. Nxe5 Qa5+
11. c3 Qxe5 12. Qe2 Qe7 13. O-O-O Nf6 14. Qxe7+ Kxe7 15. Bc4 d5 16. Bxd5 Nxd5 17. Rxd5 Be6 18. Re1 Rhd8 19. Rb5 Rd7 20. a4 Rad8
21. c4 Kf6 22. b3 g5 23. h3 b6 24. a5 bxa5 25. Rxa5 Rd2 26. Rf1 Re2 27. Rxa7 Rdd2 28. Ra6 Rc2+ 29. Kd1 Red2+ 30. Ke1 Ke5
31. Ra1 Bf5 32. g4 Bd3 33. f4+ gxf4 34. Rf3 Ke4 35. Rxd3 Kxd3 36. h4 Rh2 37. Rd1+ Ke3 38. c5 Rh1#
0-1

[Event "Anand Cup"]
[Site "SchemingMind.com"]
[Date "2010.07.26"]
[Round "-"]
[White "joopsim"]
[Black "ibukuno"]
[Result "1-0"]
[WhiteCountry "NED"]
[BlackCountry "NGR"]
[WhiteElo "2427"]
[WhiteRD "87"]
[BlackElo "1870"]
[BlackRD "81"]
[GameID "255568"]

1. e4 e6 2. d4 d5 3. Nc3 Ne7 4. Nf3 Ng6 5. h4 Bb4 6. h5 Ne7 7. h6 g6 8. Bd3 Bd7 9. Bd2 Nbc6 10. Bg5 Qc8
11. e5 Nf5 12. a3 Be7 13. Bxe7 Nfxe7 14. Qd2 Nf5 15. Bxf5 gxf5 16. Qg5 Qd8 17. Qg7 Ke7 18. Qf6+
1-0

[Event "Anand Cup"]
[Site "SchemingMind.com"]
[Date "2010.07.26"]
[Round "-"]
[White "Efren ramos"]
[Black "Lars"]
[Result "1-0"]
[WhiteCountry "NCA"]
[BlackCountry "SWE"]
[WhiteElo "2133"]
[WhiteRD "75"]
[BlackElo "1583"]
[BlackRD "69"]
[GameID "255569"]

1. e4 e5 2. Nf3 Nc6 3. Bb5 Nf6 4. Nc3 d6 5. d4 Bd7 6. d5 Ne7 7. Qd3 a6 8. Bxd7+ Qxd7 9. Bg5 h6 10. Bxf6 gxf6
11. O-O-O f5 12. exf5 Qxf5 13. Ne4 Qg6 14. Nh4 Qg7 15. Qh3 Rg8 16. g3 f6 17. Qe6 Kd8 18. Nxf6 Nxd5 19. Qe8#
1-0

[Event "Anand Cup"]
[Site "SchemingMind.com"]
[Date "2010.07.28"]
[Round "-"]
[White "Black Knight"]
[Black "Orange Lion"]
[Result "0-1"]
[WhiteCountry "USA"]
[BlackCountry "NED"]
[WhiteElo "1388"]
[WhiteRD "74"]
[BlackElo "2412"]
[BlackRD "73"]
[GameID "255797"]

1. e4 e6 2. d4 d5 3. e5 c5 4. Nf3 Nc6 5. Bb5 Bd7 6. O-O Nxe5 7. Bxd7+ Nxd7 8. Nc3 Ngf6 9. Bg5 cxd4 10. Nxd4 Bb4
11. Qd2 Rc8 12. a3 Bxc3 13. bxc3 Ne4 14. Bxd8 Nxd2 15. Rfd1 Ne4 16. Ba5 b6 17. f3 Nxc3 18. Bxc3 Rxc3 19. Nb5 Rxc2 20. Rdc1 Rxc1+
21. Rxc1 Nc5 22. Nxa7 Kd7 23. Nb5 Ra8 24. Rc3 e5
0-1

[Event "Anand Cup"]
[Site "SchemingMind.com"]
[Date "2010.07.28"]
[Round "-"]
[White "Orange Lion"]
[Black "Black Knight"]
[Result "1-0"]
[WhiteCountry "NED"]
[BlackCountry "USA"]
[WhiteElo "2393"]
[WhiteRD "70"]
[BlackElo "1397"]
[BlackRD "73"]
[GameID "255798"]

1. e4 e5 2. f4 d6 3. Nf3 Nc6 4. Bc4 Bg4 5. O-O Nf6 6. Nc3 Nd4 7. Be2 Bxf3 8. Bxf3 Nxf3+ 9. Qxf3 Be7 10. d3 Qd7
11. fxe5 dxe5 12. Qg3 Rg8 13. Qxe5 O-O-O 14. h3 Rge8 15. Be3 Bd6 16. Qa5 a6 17. Rf5 Re7 18. Kh1 Rde8 19. Bd4 Qc6 20. e5 g6
21. Rxf6 Bxe5 22. Rxc6
1-0

[Event "Anand Cup"]
[Site "SchemingMind.com"]
[Date "2010.08.13"]
[Round "-"]
[White "Kasker"]
[Black "rougon"]
[Result "1-0"]
[WhiteCountry "POL"]
[BlackCountry "USA"]
[WhiteElo "2248"]
[WhiteRD "74"]
[BlackElo "1852"]
[BlackRD "89"]
[GameID "257057"]

1. e4 e6 2. d4 d5 3. Nc3 Bb4 4. e5 c5 5. Qg4 Qa5 6. Qxg7 Bxc3+ 7. Kd1 Qb4 8. bxc3 Qxc3 9. Qxh8 Qxd4+ 10. Bd3 Qg4+
11. Nf3 Qxg2 12. Bg5 Qxf3+ 13. Be2 Qxh1+ 14. Kd2 Qe4 15. Qxg8+ Kd7 16. Qd8+ Kc6 17. Qd6#
1-0

[Event "Anand Cup"]
[Site "SchemingMind.com"]
[Date "2010.08.13"]
[Round "-"]
[White "rougon"]
[Black "Kasker"]
[Result "0-1"]
[WhiteCountry "USA"]
[BlackCountry "POL"]
[WhiteElo "1852"]
[WhiteRD "89"]
[BlackElo "2248"]
[BlackRD "74"]
[GameID "257063"]

1. d4 f5 2. c4 e6 3. Nc3 Nf6 4. g3 d5 5. Bg2 c6 6. Nf3 Be7 7. cxd5 exd5 8. O-O O-O 9. Bf4 Ne4 10. Ne5 Nd7
11. f3 Nxc3 12. bxc3 Nxe5 13. Bxe5 Be6 14. e4 fxe4 15. fxe4 Rxf1+ 16. Qxf1 Qd7 17. Qe2 Rf8 18. exd5 Bxd5 19. c4 Bxg2 20. Kxg2 a6
21. Rd1 b5 22. cxb5 axb5 23. Qb2 c5 24. Rd2 Qd5+ 25. Kg1 Bg5 26. Bxg7 Be3+
0-1

[Event "Anand Cup"]
[Site "SchemingMind.com"]
[Date "2010.08.19"]
[Round "-"]
[White "wilfried"]
[Black "Phil Cook"]
[Result "1-0"]
[WhiteCountry "GER"]
[BlackCountry "NZL"]
[WhiteElo "2445"]
[WhiteRD "116"]
[BlackElo "2141"]
[BlackRD "91"]
[GameID "257762"]

1. d4 Nf6 2. c4 e6 3. Nc3 Bb4 4. Nf3 c5 5. e3 O-O 6. Bd3 Bxc3+ 7. bxc3 d6 8. O-O Qe7 9. e4 e5 10. h3 exd4
11. cxd4 cxd4 12. Nxd4 Nxe4 13. Re1 f5 14. Bb2 Qf7 15. Bc2 a6 16. f3 Nc5 17. Qd2 Bd7 18. Rad1 b5 19. Qf4 Qxc4 20. Re7 Rf7
21. Rxf7 Kxf7 22. Qxd6 Nb7 23. Qg3 Qc5 24. Bb3+ Kf8 25. Kh1 g6 26. Re1
1-0

[Event "Anand Cup"]
[Site "SchemingMind.com"]
[Date "2010.08.18"]
[Round "-"]
[White "Phil Cook"]
[Black "wilfried"]
[Result "1/2-1/2"]
[WhiteCountry "NZL"]
[BlackCountry "GER"]
[WhiteElo "2166"]
[WhiteRD "88"]
[BlackElo "2445"]
[BlackRD "116"]
[GameID "257767"]

1. Nf3 c5 2. c4 Nc6 3. Nc3 Nf6 4. d4 cxd4 5. Nxd4 e6 6. Nxc6 bxc6 7. e4 Bb4 8. Bd3 d6 9. O-O Bc5 10. Na4 Bd4
11. Be3 Bxe3 12. fxe3 O-O 13. Qf3 Nd7 14. Rad1 Ne5 15. Qf4 c5 16. b3 f6 17. Bc2 Qe7 18. Nc3 Bd7 19. Nb5 Bxb5 20. cxb5 a6
21. bxa6 Rxa6 22. a4 Rb6 23. Ra1 Rfb8 24. Qf2 c4 25. a5 Rb4 26. bxc4 Qa7 27. Rfe1 Rxc4 28. Bb1 Kf7 29. Qe2 Rc3 30. a6 Rbb3
31. Qh5+ Ke7 32. Kh1 Rxe3 33. Rc1 h6 34. h3 Rec3 35. Rxc3 Rxc3 36. Qd1 Rc8 37. Bc2 Ra8 38. Qb1 Nd7 39. Bd3 Kf7 40. Qb2 Nc5
41. Qe2 Qb6 42. Qh5+ Kf8 43. Qe2 Qb4 44. Bc4 Qb8 45. Kg1 Qb6 46. Kh1 Ra7 47. Qc2 Qc7 48. Be2 Kg8 49. Bc4 Ra8 50. Qe2 Qc6
51. Bb5 Qb6=
1/2-1/2

[Event "Anand Cup"]
[Site "SchemingMind.com"]
[Date "2010.10.17"]
[Round "-"]
[White "Kasker"]
[Black "Efren ramos"]
[Result "1/2-1/2"]
[WhiteCountry "POL"]
[BlackCountry "NCA"]
[WhiteElo "2187"]
[WhiteRD "80"]
[BlackElo "2134"]
[BlackRD "86"]
[GameID "263775"]

1. e4 e5 2. Nf3 Nc6 3. Bb5 a6 4. Ba4 Nf6 5. O-O b5 6. Bb3 Be7 7. Re1 O-O 8. c3 d5 9. exd5 Nxd5 10. Nxe5 Nxe5
11. Rxe5 c6 12. d4 Bd6 13. Re1 Qh4 14. g3 Qh3 15. Qd3 Bf5 16. Qf1 Qh5 17. Be3 Rae8 18. Nd2 Bh3 19. Bd1 Qf5 20. Qe2 Nf4
21. Qf3 Nd3 22. Qxf5 Bxf5 23. Bc2 Bg6 24. Bxd3 Bxd3 25. Bf4 Bxf4= 26. gxf4 Re6 27. Rxe6 fxe6 28. Re1 Rf6 29. Re3 Bc2 30. Re5 Kf7
31. Kg2 Bf5 32. Rc5 Rg6+ 33. Kf3 Rg1 34. Ke2 Ra1 35. a3 Ra2 36. Rxc6 Rxb2 37. Rxa6 Rc2 38. Rc6 Ra2 39. h4 Rxa3 40. f3 Ra2
41. h5 Rc2 42. Rc7+ Kg8 43. Rc5 Kf8 44. Ke3 Rb2 45. Ne4 b4 46. cxb4 Rxb4=
1/2-1/2

[Event "Anand Cup"]
[Site "SchemingMind.com"]
[Date "2010.10.15"]
[Round "-"]
[White "Efren ramos"]
[Black "Kasker"]
[Result "1/2-1/2"]
[WhiteCountry "NCA"]
[BlackCountry "POL"]
[WhiteElo "2134"]
[WhiteRD "86"]
[BlackElo "2187"]
[BlackRD "80"]
[GameID "263778"]

1. e4 c5 2. Nf3 a6 3. c3 d5 4. exd5 Qxd5 5. d4 Nf6 6. Be2 e6 7. O-O Be7 8. Ne5 O-O 9. Bf3 Qd8 10. Qe2 cxd4
11. Rd1 Nd5 12. cxd4 Nc6 13. Nxc6 bxc6 14. Nc3 a5 15. Qc4 Rb8 16. b3 Nb4 17. Qe2 Ba6 18. Qd2 Qc7 19. Ne4 Rfd8 20. Qf4 Qd7
21. Bd2 Nd3 22. Qg3 f5 23. Nc5 Bxc5 24. dxc5 Nb2 25. Bf4 Nxd1 26. Bxb8 Nxf2 27. Qxf2 Rxb8 28. Rd1 Qe7 29. Bxc6 Rd8 30. Rxd8+ Qxd8
31. h3 Kf7 32. Qf4 Qe7 33. Qe5 Qd8 34. Bf3 Bb5 35. Kh2 Qd7 36. a3 Bc6 37. Bxc6 Qxc6 38. Kh1 g5= 39. b4 axb4 40. axb4 h5
41. Qh8 Kg6 42. Qc3 g4 43. Kg1=
1/2-1/2

[Event "Anand Cup"]
[Site "SchemingMind.com"]
[Date "2010.11.06"]
[Round "-"]
[White "e_castle3"]
[Black "Nikolik"]
[Result "0-1"]
[WhiteCountry "PHI"]
[BlackCountry "URU"]
[WhiteElo "1681"]
[WhiteRD "82"]
[BlackElo "2345"]
[BlackRD "91"]
[GameID "265382"]

1. e4 c5 2. Nf3 d6 3. Bc4 e6 4. O-O Nc6 5. c3 Nf6 6. Re1 Nxe4 7. Rxe4 d5 8. Bxd5 Qxd5 9. Re1 Be7 10. d4 O-O
11. dxc5 Qxc5 12. Nbd2 Rd8 13. Qb3 b6 14. Ne4 Qd5 15. Ng3 e5 16. Be3 Be6 17. Qc2 Qd3 18. Qxd3 Rxd3 19. Rad1 Rxd1 20. Rxd1 Bxa2
21. Nf5 Bf8 22. Ra1 Be6 23. Ng3 f6 24. Bxb6 Rb8 25. Be3 Rxb2 26. h3 Ra2 27. Rc1 a5
0-1

[Event "Anand Cup"]
[Site "SchemingMind.com"]
[Date "2010.11.06"]
[Round "-"]
[White "Nikolik"]
[Black "e_castle3"]
[Result "1-0"]
[WhiteCountry "URU"]
[BlackCountry "PHI"]
[WhiteElo "2345"]
[WhiteRD "91"]
[BlackElo "1681"]
[BlackRD "82"]
[GameID "265385"]

1. d4 d5 2. c4 e6 3. Nc3 Nf6 4. cxd5 exd5 5. Bg5 Be7 6. Qc2 c6 7. e3 O-O 8. Bd3 h6 9. Bh4 Re8 10. Nge2 g5
11. Bg3 Nbd7 12. h4 Bf8 13. hxg5 hxg5 14. O-O-O Bg7 15. Bh7+ Kf8 16. Bd6+ Re7 17. Bf5 Nb6 18. Bxe7+ Qxe7 19. Ng3 Be6 20. Bxe6 fxe6
21. e4 dxe4 22. Ncxe4 Nfd5 23. Nh5 Bh8 24. Nf4 Kg8 25. Rxh8+ Kxh8 26. Ng6+
1-0

[Event "Anand Cup"]
[Site "SchemingMind.com"]
[Date "2010.12.12"]
[Round "-"]
[White "joopsim"]
[Black "wilfried"]
[Result "1/2-1/2"]
[WhiteCountry "NED"]
[BlackCountry "GER"]
[WhiteElo "2376"]
[WhiteRD "77"]
[BlackElo "2463"]
[BlackRD "109"]
[GameID "269303"]

1. e4 c5 2. Nf3 Nc6 3. d4 cxd4 4. Nxd4 Nf6 5. Nc3 e5 6. Ndb5 d6 7. Bg5 a6 8. Na3 b5 9. Bxf6 gxf6 10. Nd5 f5
11. Bd3 Be6 12. O-O Bg7 13. Qh5 h6 14. c3 O-O 15. Nc2 Qg5 16. Qxg5 hxg5 17. Nce3 f4 18. Nf5 Rfb8 19. Nxd6 Ra7 20. Nf5 Rd8
21. g4 Bxf5 22. gxf5 Ne7 23. c4 bxc4 24. Bxc4 Nxd5 25. Bxd5 Rc7 26. b3 Bf8 27. Rac1 Rdc8 28. Bc4 Kg7 29. Rcd1 g4 30. h3 gxh3
31. Kh2 Bc5 32. Kxh3 Bd4 33. Kg2 Rh8 34. Rc1 Rc6 35. Rg1 Kf6 36. Be2 Rcc8 37. Rh1=
1/2-1/2

[Event "Anand Cup"]
[Site "SchemingMind.com"]
[Date "2010.12.12"]
[Round "-"]
[White "wilfried"]
[Black "joopsim"]
[Result "1/2-1/2"]
[WhiteCountry "GER"]
[BlackCountry "NED"]
[WhiteElo "2456"]
[WhiteRD "109"]
[BlackElo "2360"]
[BlackRD "76"]
[GameID "269308"]

1. d4 d5 2. c4 c6 3. Nf3 Nf6 4. Nc3 e6 5. e3 Nbd7 6. Bd3 dxc4 7. Bxc4 b5 8. Bd3 a6 9. e4 c5 10. d5 Qc7
11. dxe6 fxe6 12. O-O Bb7 13. Bc2 c4 14. Ne2 e5 15. Ng3 Bc5 16. Rb1 O-O 17. b3 Nb6 18. bxc4 Nxc4 19. Qe2 Kh8 20. Bd3 Bc8
21. a4 Be6 22. axb5 axb5 23. Rxb5 Na3 24. Rb2 Ng4 25. Nh1 Nf6 26. Be3 Bxe3 27. Qxe3 Qc3 28. Qd2 Qxd2 29. Rxd2 Ra5 30. Ra1 Rc8
31. Ng3 h6 32. Rdd1 Bg4 33. Rdc1 Rxc1+ 34. Rxc1 Bxf3 35. gxf3 Nb5 36. Ne2 Nd6 37. Rc6 Nf7 38. f4 Ra7 39. Kg2 Kh7 40. h4 Nh5
41. Bc2 Rd7 42. Rc5 Rd2 43. Kf3 exf4 44. Bb1 g5 45. e5+ Kg7 46. e6 Nf6 47. Nxf4 gxf4 48. Rc7 Nd7 49. Rxd7 Rxd7 50. exd7 Ne5+
51. Kxf4 Nxd7 52. Kf5 Nf6 53. Ba2 Ne8 54. f4 Nf6 55. Ke5=
1/2-1/2

[Event "Anand Cup"]
[Site "SchemingMind.com"]
[Date "2011.01.16"]
[Round "-"]
[White "Jorge Anibal DEKMAK"]
[Black "PeterLiberty"]
[Result "1-0"]
[WhiteCountry "ARG"]
[BlackCountry "USA"]
[WhiteElo "2229"]
[WhiteRD "124"]
[BlackElo "1512"]
[BlackRD "61"]
[GameID "272904"]

1. e4 c5 2. Nf3 d6 3. d4 cxd4 4. Nxd4 Nf6 5. Nc3 g6 6. Be3 Bg7 7. f3 O-O 8. Qd2 Nc6 9. Bc4 Bd7 10. O-O-O Ne5
11. Bb3 Rc8 12. h4 h5 13. Bg5 Rc5 14. g4 hxg4 15. f4 Nc4 16. Qe2 Qc8 17. Bxf6 Bxf6 18. Nd5 Kg7 19. Bxc4 Rxc4 20. e5 dxe5
21. fxe5 Rxd4 22. exf6+ exf6 23. Rxd4 Bc6 24. h5 gxh5 25. Rxh5 f5 26. Qh2 Rh8 27. Rg5+
1-0

[Event "Anand Cup"]
[Site "SchemingMind.com"]
[Date "2011.02.14"]
[Round "-"]
[White "wilfried"]
[Black "Kasker"]
[Result "1/2-1/2"]
[WhiteCountry "GER"]
[BlackCountry "POL"]
[WhiteElo "2420"]
[WhiteRD "105"]
[BlackElo "2240"]
[BlackRD "79"]
[GameID "275424"]

1. d4 Nf6 2. c4 e6 3. g3 d5 4. Bg2 Be7 5. Nf3 O-O 6. O-O dxc4 7. Qc2 a6 8. Qxc4 b5 9. Qc2 Bb7 10. Bg5 Nbd7
11. Rd1 Rc8 12. Nc3 c5 13. dxc5 Rxc5 14. b4 Rc8 15. Ne5 Bxg2 16. Kxg2 Bxb4 17. Nxd7 Rxc3 18. Qb2 Qa8+ 19. f3 Nxd7 20. Qxb4 Rc4
21. Qd6 Nf6 22. Bxf6 gxf6 23. Rd4 Qb8 24. Qxb8 Rxb8 25. Rxc4 bxc4 26. Kf2 Rb2 27. a3 a5 28. Rc1 Rb3 29. Rxc4 Rxa3 30. Rg4+ Kf8
31. Rh4 Kg8 32. Rg4+ Kf8 33. Rh4 a4 34. Rxh7 Rb3 35. Rh8+ Kg7 36. Ra8=
1/2-1/2

[Event "Anand Cup"]
[Site "SchemingMind.com"]
[Date "2011.02.13"]
[Round "-"]
[White "Kasker"]
[Black "wilfried"]
[Result "1/2-1/2"]
[WhiteCountry "POL"]
[BlackCountry "GER"]
[WhiteElo "2240"]
[WhiteRD "79"]
[BlackElo "2420"]
[BlackRD "105"]
[GameID "275430"]

1. e4 c5 2. Nf3 Nc6 3. d4 cxd4 4. Nxd4 Nf6 5. Nc3 e5 6. Ndb5 d6 7. Bg5 a6 8. Na3 b5 9. Nd5 Be7 10. Bxf6 Bxf6
11. c3 O-O 12. Nc2 Rb8 13. Bd3 Bg5 14. h4 Bh6 15. g4 f6 16. Rg1 Be6 17. Nce3 Bxe3 18. Nxe3 Qd7 19. h5 h6 20. Rg3 b4
21. Bxa6 bxc3 22. bxc3 Na5 23. Nd5 Qa7 24. Be2 Rb2 25. Rb1 Rfb8 26. Nb4 Rxb1 27. Qxb1 Rb6 28. Qd1 Nb7 29. Rd3 Kh7 30. Rd2 Nc5
31. Qc2 Qa3 32. Nd5 Bxd5 33. exd5+ Kg8 34. f3 Rb8 35. Kf1 Na4=
1/2-1/2

[Event "Anand Cup"]
[Site "SchemingMind.com"]
[Date "2011.08.27"]
[Round "-"]
[White "Orange Lion"]
[Black "wilfried"]
[Result "1/2-1/2"]
[WhiteCountry "NED"]
[BlackCountry "GER"]
[WhiteElo "2372"]
[WhiteRD "79"]
[BlackElo "2396"]
[BlackRD "108"]
[GameID "291670"]

1. Nf3 d5 2. c4 d4 3. e3 c5 4. exd4 cxd4 5. g3 Nf6 6. Bg2 Nc6 7. O-O e6 8. d3 Bd6 9. Bg5 h6 10. Bxf6 Qxf6
11. Nbd2 Bc7 12. b4 Nxb4 13. Qa4+ Nc6 14. Nxd4 Qxd4 15. Bxc6+=
1/2-1/2

[Event "Anand Cup"]
[Site "SchemingMind.com"]
[Date "2011.08.27"]
[Round "-"]
[White "wilfried"]
[Black "Orange Lion"]
[Result "1-0"]
[WhiteCountry "GER"]
[BlackCountry "NED"]
[WhiteElo "2455"]
[WhiteRD "92"]
[BlackElo "2346"]
[BlackRD "75"]
[GameID "291672"]

1. d4 Nf6 2. c4 e6 3. g3 c5 4. d5 exd5 5. cxd5 d6 6. Nf3 g6 7. Nc3 Bg7 8. Bg2 O-O 9. O-O a6 10. a4 Re8
11. Bf4 h6 12. Qc1 g5 13. Bd2 Bf5 14. h4 g4= 15. Ne1 Kh7 16. Nc2 Bg6 17. Ne3 Nbd7 18. a5 Ne5 19. Na4 h5 20. Nb6 Rb8
21. b4 Nfd7 22. bxc5 Nxc5 23. Ra3 Ncd7 24. Rb3 Nxb6 25. Rxb6 Nd7 26. Rxd6 Bf8 27. Bb4 Bxd6 28. Bxd6 Rc8 29. Qd2 b5 30. Bf4 Rc5
31. d6 f6 32. Qb4 Kg7 33. Re1 Bh7 34. Rd1 Bg6 35. Kh2 Qc8 36. Qd4 Bf7 37. Be4 Be6 38. Bd3 Qc6 39. Kg1 Bb3 40. Rf1 Be6
41. Be4 Qc8 42. Rd1 Qb8 43. Qb4 Bb3 44. Bf5 Be6 45. Qe4 Bb3 46. Qd4 Be6 47. Qd3 Bc4 48. Qd2 Qb7 49. Bh6+ Kg8 50. Nxc4 bxc4
51. Qc2 Kh8 52. Rb1 Qc6 53. Bxd7 Qxd7 54. Qg6 Rg8 55. Qxf6+ Kh7 56. Bf4 Rg6 57. Qd4 Rf5 58. Qxc4
1-0